00480nam a2200109Ia 4500008004100000100001900041245007800060260003600138650001200174650014000186856004400326171212s9999 xx 000 0 und d aBeattie, Keith cBeattie, KeithaThe Scar That BindsbAmerican Culture and the Vietnam War bNew York University Pressc1998 aHistory aVietnamese Conflict, 1961–1975 -- United States; Vietnamese Conflict, 1961–1975 -- Influence; United States-Civilization -- 1945– uhttp://www.jstor.org/stable/j.ctt9qfbwd